[Event "Tamil Nadu IM 23rd"]
[Site "Chennai"]
[Date "2024.08.11"]
[Round "8"]
[White "Aakash, G2."]
[Black "Sai, Vishwesh C"]
[Result "0-1"]
[WhiteElo "2314"]
[BlackElo "2233"]
[PlyCount "108"]
[EventDate "2024.08.06"]
[EventType "tourn"]
[EventRounds "9"]
[EventCountry "IND"]
[EventCategory "1"]
[SourceTitle "CBM 221 Extra"]
[Source "ChessBase"]
[SourceDate "2024.09.30"]
[SourceVersion "1"]
[SourceVersionDate "2024.09.30"]
[SourceQuality "1"]

1. d4 Nf6 2. c4 g6 3. Nc3 Bg7 4. Nf3 0-0 5. Bg5 h6 6. Bh4 c5 7. d5 d6 8. e3 Qa5 9. Nd2 Bf5 10. Bd3 Bxd3 11. Nb3 Qb4 12. Qxd3 b5 13. Nd2 Nbd7 14. Nxb5 a6 15. Na3 Qxb2 16. Bxf6 Bxf6 17. Ke2 Ne5 18. Qb3 Rfb8 19. Qxb2 Rxb2 20. f4 Nd7 21. Rhb1 Bc3 22. Kd3 Rxd2+ 23. Kxc3 Rxg2 24. Rb7 Nf6 25. Rab1 Ne4+ 26. Kd3 f5 27. R7b2 Rxb2 28. Rxb2 Kf7 29. h4 Kf6 30. Nb1 g5 31. hxg5+ hxg5 32. fxg5+ Nxg5 33. Nc3 Rh8 34. Ne2 Rh2 35. Rb1 Nf3 36. Rc1 Ne5+ 37. Kd2 Rg2 38. Rc3 Kg5 39. Ke1 Kg4 40. Kf1 Rh2 41. Ra3 Kf3 42. Ng1+ Ke4 43. Ne2 Nxc4 44. Ra4 Kxe3 45. Ng3 Kf3 46. Rxc4 Kxg3 47. Ra4 f4 48. Rxa6 f3 49. Kg1 f2+ 50. Kf1 Rh1+ 51. Ke2 f1Q+ 52. Kd2 Qc1+ 53. Kd3 Rd1+ 54. Ke4 Qf4# 0-1

[Event "Tamil Nadu IM 23rd"]
[Site "Chennai"]
[Date "2024.08.07"]
[Round "2"]
[White "Sai, Vishwesh C"]
[Black "Harshad, S."]
[Result "0-1"]
[WhiteElo "2233"]
[BlackElo "2275"]
[PlyCount "68"]
[EventDate "2024.08.06"]
[EventType "tourn"]
[EventRounds "9"]
[EventCountry "IND"]
[EventCategory "1"]
[SourceTitle "CBM 221 Extra"]
[Source "ChessBase"]
[SourceDate "2024.09.30"]
[SourceVersion "1"]
[SourceVersionDate "2024.09.30"]
[SourceQuality "1"]

1. c4 e6 2. Nc3 c5 3. g3 Nf6 4. Bg2 d5 5. d3 d4 6. Ne4 Nxe4 7. Bxe4 Be7 8. e3 Nc6 9. Nf3 0-0 10. 0-0 Nb4 11. a3 f5 12. Bxf5 Rxf5 13. axb4 dxe3 14. fxe3 cxb4 15. e4 Rf8 16. Be3 Qc7 17. Qb3 a5 18. d4 a4 19. Qd3 Bd7 20. e5 b5 21. Qe4 Qxc4 22. Rac1 Qd5 23. Qg4 Bc6 24. Bh6 Rf7 25. Bf4 a3 26. b3 a2 27. Kg2 Ra3 28. Rxc6 Qxc6 29. Rc1 Qd5 30. Rc8+ Bf8 31. Kh3 a1Q 32. Ng5 Qb1 33. Nxf7 Kxf7 34. Rc7+ Kg8 0-1

[Event "Tamil Nadu IM 17th"]
[Site "Karaikudi"]
[Date "2024.02.11"]
[Round "9"]
[White "Buscara, Sevan"]
[Black "Sai, Vishwesh C"]
[Result "1/2-1/2"]
[WhiteElo "2256"]
[BlackElo "2201"]
[PlyCount "171"]
[EventDate "2024.02.06"]
[EventType "tourn"]
[EventRounds "9"]
[EventCountry "IND"]
[SourceTitle "CBM 218 Extra"]
[Source "ChessBase"]
[SourceDate "2024.03.31"]
[SourceVersion "1"]
[SourceVersionDate "2024.03.31"]
[SourceQuality "1"]

1. e4 c5 2. Nf3 d6 3. d4 cxd4 4. Nxd4 Nf6 5. f3 Nc6 6. c4 g6 7. Nc3 Bg7 8. Be3 0-0 9. Qd2 Bd7 10. Be2 a6 11. 0-0 Rc8 12. Nxc6 Bxc6 13. Rac1 Qd7 14. b4 b5 15. Nd5 Nxd5 16. cxd5 Bb7 17. Bd4 Bxd4+ 18. Qxd4 Rc7 19. Rxc7 Qxc7 20. h4 Rc8 21. Bd3 Qc3 22. Qxc3 Rxc3 23. Rd1 e6 24. dxe6 fxe6 25. Kf2 Kf7 26. Ke3 Ke7 27. Rb1 Ra3 28. Rb2 e5 29. Kd2 d5 30. exd5 Bxd5 31. Bb1 Kd6 32. Ke2 Rc3 33. Kf2 Rc4 34. h5 gxh5 35. Bxh7 h4 36. Bf5 Rc3 37. Rd2 Kc6 38. Re2 Kd6 39. Rd2 Ra3 40. Bb1 Ke6 41. Bh7 Bc4 42. Bb1 Ke7 43. Kg1 h3 44. gxh3 Rxf3 45. Kg2 Rf4 46. Kg3 Be6 47. a3 Rf1 48. Be4 Re1 49. Kf3 Rh1 50. Rd3 Rxh3+ 51. Kf2 Rh6 52. Rc3 Bc4 53. Rg3 Rh2+ 54. Rg2 Rh4 55. Bb7 Rf4+ 56. Ke3 Rd4 57. Be4 Rd1 58. Rg6 Re1+ 59. Kf3 Bf7 60. Rh6 Be6 61. Rh7+ Kd6 62. Ra7 Bc8 63. Ra8 Kc7 64. Ra7+ Kd6 65. Ra8 Rxe4 66. Rxc8 Rc4 67. Rh8 Rc3+ 68. Ke4 Rxa3 69. Rh6+ Kc7 70. Kxe5 Rb3 71. Rxa6 Rxb4 72. Kd5 Rc4 73. Rh6 Kb7 74. Rg6 Rc1 75. Rh6 Rc7 76. Rg6 Ka7 77. Rh6 b4 78. Rh4 b3 79. Ra4+ Kb8 80. Ra1 b2 81. Rb1 Rc2 82. Kd4 Kb7 83. Kd3 Rh2 84. Kc3 Kb6 85. Rxb2+ Rxb2 86. Kxb2 1/2-1/2

[Event "Tamil Nadu IM 17th"]
[Site "Karaikudi"]
[Date "2024.02.10"]
[Round "7"]
[White "Sai Agni, Jeevitesh J"]
[Black "Sai, Vishwesh C"]
[Result "1/2-1/2"]
[WhiteElo "2309"]
[BlackElo "2201"]
[PlyCount "114"]
[EventDate "2024.02.06"]
[EventType "tourn"]
[EventRounds "9"]
[EventCountry "IND"]
[SourceTitle "CBM 218 Extra"]
[Source "ChessBase"]
[SourceDate "2024.03.31"]
[SourceVersion "1"]
[SourceVersionDate "2024.03.31"]
[SourceQuality "1"]

1. d4 Nf6 2. Bg5 g6 3. Bxf6 exf6 4. c4 Bg7 5. Nc3 0-0 6. g3 d6 7. Bg2 c5 8. e3 Na6 9. Nge2 Rb8 10. 0-0 Be6 11. b3 Nc7 12. Rc1 b6 13. Nf4 Qe7 14. Qf3 Rfd8 15. Rfd1 f5 16. h4 Bh6 17. a4 a6 18. Ncd5 Nxd5 19. Nxd5 Qa7 20. Rb1 Bg7 21. b4 cxd4 22. exd4 b5 23. cxb5 axb5 24. a5 Bxd4 25. Rxd4 Qxd4 26. Ne7+ Kf8 27. Nc6 Qc4 28. Nxd8 Rxd8 29. Bf1 Qa2 30. Rc1 d5 31. Bxb5 d4 32. Bd3 Qa3 33. Qd1 Qxb4 34. a6 f4 35. Rb1 Qd6 36. Qe1 Kg7 37. Qb4 Qe5 38. Re1 Qf6 39. Be4 fxg3 40. fxg3 Qe5 41. Kh2 Rb8 42. Bb7 Qf6 43. Qd2 d3 44. h5 gxh5 45. Kg1 Qd4+ 46. Qf2 Qxf2+ 47. Kxf2 Rd8 48. Rd1 Bc8 49. Ke3 Bxb7 50. axb7 Rb8 51. Rb1 Kf6 52. Kxd3 Ke6 53. Ke4 Kd6 54. Kf5 Kc6 55. Kf6 Rxb7 56. Rh1 Rb3 57. Kxf7 Rxg3 1/2-1/2

[Event "Tamil Nadu IM 17th"]
[Site "Karaikudi"]
[Date "2024.02.06"]
[Round "1"]
[White "Sai, Vishwesh C"]
[Black "Hemanth, Raam"]
[Result "1-0"]
[WhiteElo "2201"]
[BlackElo "2268"]
[PlyCount "97"]
[EventDate "2024.02.06"]
[EventType "tourn"]
[EventRounds "9"]
[EventCountry "IND"]
[SourceTitle "CBM 218 Extra"]
[Source "ChessBase"]
[SourceDate "2024.03.31"]
[SourceVersion "1"]
[SourceVersionDate "2024.03.31"]
[SourceQuality "1"]

1. e4 e5 2. Nf3 Nc6 3. Bb5 a6 4. Ba4 Nf6 5. 0-0 Bc5 6. c3 b5 7. Bb3 d6 8. d4 Bb6 9. a4 Bg4 10. Be3 exd4 11. cxd4 0-0 12. Nc3 Na5 13. axb5 axb5 14. e5 Bxf3 15. gxf3 dxe5 16. dxe5 Qxd1 17. Bxd1 Bxe3 18. fxe3 Nd7 19. Nxb5 Nc4 20. Rxa8 Rxa8 21. e6 fxe6 22. Bb3 Ndb6 23. Rc1 Nxb2 24. Bxe6+ Kh8 25. Rxc7 g6 26. Nd6 h6 27. f4 Ra3 28. Nf7+ Kg7 29. Ne5+ Kf8 30. Nxg6+ Ke8 31. Rb7 Kd8 32. Rxb6 Rxe3 33. Rxb2 Rxe6 34. f5 Ra6 35. Rf2 Ke8 36. f6 Kf7 37. Ne5+ Kf8 38. f7 Rd6 39. Rg2 Rd1+ 40. Kf2 Rd2+ 41. Kf3 Rxg2 42. Kxg2 h5 43. Kg3 Kg7 44. Kh4 Kf8 45. Kxh5 Kg7 46. Kg5 Kh7 47. Ng6 Kg7 48. f8Q+ Kh7 49. Qh8# 1-0

[Event "Tamil Nadu IM 13th"]
[Site "Chennai"]
[Date "2024.01.16"]
[Round "1"]
[White "Ziatdinov, Raset"]
[Black "Sai, Vishwesh C"]
[Result "0-1"]
[WhiteElo "2100"]
[BlackElo "2228"]
[PlyCount "92"]
[EventDate "2024.01.16"]
[EventType "tourn"]
[EventRounds "9"]
[EventCountry "IND"]
[SourceTitle "CBM 218 Extra"]
[Source "ChessBase"]
[SourceDate "2024.03.31"]
[SourceVersion "1"]
[SourceVersionDate "2024.03.31"]
[SourceQuality "1"]

1. e4 c5 2. Nf3 Nc6 3. d4 cxd4 4. Nxd4 Nf6 5. Nc3 d6 6. Bg5 e6 7. Qd2 a6 8. 0-0-0 Qc7 9. Bxf6 gxf6 10. f4 Be7 11. f5 Bd7 12. fxe6 fxe6 13. Bc4 Nxd4 14. Qxd4 Rc8 15. Bb3 b5 16. e5 fxe5 17. Qg4 a5 18. Bxe6 Bxe6 19. Qxe6 b4 20. Rd3 Rf8 21. Rhd1 Rf6 22. Qg8+ Bf8 23. Qg4 Kd8 24. Qh4 Be7 25. Qxh7 bxc3 26. Rxc3 Qd7 27. Qg8+ Rf8 28. Rxc8+ Kxc8 29. Qd5 Qb7 30. Qe6+ Kb8 31. b3 Rf6 32. Qc4 Rf4 33. Qe6 a4 34. Rd5 axb3 35. axb3 Rf1+ 36. Kb2 Qa6 37. Kc3 Qc8+ 38. Qxc8+ Kxc8 39. Ra5 Kd7 40. Ra8 Rf2 41. Rg8 d5 42. b4 Rf4 43. b5 Rc4+ 44. Kd2 Rb4 45. g4 Rxb5 46. g5 Rb4 0-1

[Event "Tamil Nadu IM 7th"]
[Site "Chennai"]
[Date "2023.11.30"]
[Round "7"]
[White "Fedorov, Alexei"]
[Black "Sai, Vishwesh C"]
[Result "1-0"]
[WhiteElo "2447"]
[BlackElo "2179"]
[PlyCount "55"]
[EventDate "2023.11.26"]
[EventType "tourn"]
[EventRounds "9"]
[EventCountry "IND"]
[EventCategory "1"]
[SourceTitle "CBM 217 Extra"]
[Source "ChessBase"]
[SourceDate "2024.01.31"]
[SourceVersion "1"]
[SourceVersionDate "2024.01.31"]
[SourceQuality "1"]

1. e4 c5 2. Nc3 Nc6 3. Bb5 g6 4. Bxc6 dxc6 5. d3 Bg7 6. Be3 b6 7. h3 Nf6 8. Qd2 0-0 9. Bh6 Re8 10. Bxg7 Kxg7 11. f4 e5 12. Nf3 exf4 13. Qxf4 c4 14. 0-0-0 cxd3 15. Rxd3 Qe7 16. Rd6 Bb7 17. e5 Nd7 18. Re1 h6 19. e6 Nf8 20. exf7 Qxf7 21. Qd4+ Kg8 22. Ne4 c5 23. Nf6+ Kh8 24. Qc3 Rxe1+ 25. Nxe1 Qg7 26. Nd3 Rc8 27. Ne5 Rc7 28. Ne8 1-0

[Event "Tamil Nadu IM 7th"]
[Site "Chennai"]
[Date "2023.11.30"]
[Round "8"]
[White "Sai, Vishwesh C"]
[Black "Gochelashvili, David"]
[Result "1/2-1/2"]
[WhiteElo "2179"]
[BlackElo "2304"]
[PlyCount "106"]
[EventDate "2023.11.26"]
[EventType "tourn"]
[EventRounds "9"]
[EventCountry "IND"]
[EventCategory "1"]
[SourceTitle "CBM 217 Extra"]
[Source "ChessBase"]
[SourceDate "2024.01.31"]
[SourceVersion "1"]
[SourceVersionDate "2024.01.31"]
[SourceQuality "1"]

1. e4 e5 2. Nf3 Nc6 3. Bb5 a6 4. Ba4 Nf6 5. 0-0 Be7 6. Re1 b5 7. Bb3 0-0 8. c3 d6 9. h3 Na5 10. Bc2 c5 11. d4 Nd7 12. Nbd2 exd4 13. cxd4 Nc6 14. e5 dxe5 15. dxe5 c4 16. Qe2 Nc5 17. Rd1 Nd3 18. Qe4 Bb7 19. Nxc4 bxc4 20. Qxc4 Ncxe5 21. Nxe5 Nxe5 22. Rxd8 Nxc4 23. Rd7 Bxg2 24. Kxg2 Bf6 25. Bb3 Ne5 26. Rd5 a5 27. Rb1 Rfd8 28. Be3 Nd3 29. Rxd8+ Rxd8 30. Bb6 Ra8 31. Rd1 Nf4+ 32. Kg3 a4 33. Bc4 Ne6 34. b3 axb3 35. axb3 h5 36. Rd7 Ra1 37. f4 Rc1 38. f5 h4+ 39. Kg4 Ng5 40. Bf2 Kh7 41. Bxh4 Rg1+ 42. Kh5 Ne4 43. Bxf7 Ng3+ 44. Bxg3 Rxg3 45. h4 Rh3 46. Kg4 Rxh4+ 47. Kf3 Kh6 48. Rd1 Kg5 49. Be6 Rf4+ 50. Ke3 Rg4 51. Rb1 Bd4+ 52. Kd3 Rg1 53. Rxg1+ Bxg1 1/2-1/2

[Event "Tamil Nadu IM 7th"]
[Site "Chennai"]
[Date "2023.11.29"]
[Round "6"]
[White "Sai, Vishwesh C"]
[Black "Chitlange, Sakshi"]
[Result "1/2-1/2"]
[WhiteElo "2179"]
[BlackElo "2224"]
[PlyCount "185"]
[EventDate "2023.11.26"]
[EventType "tourn"]
[EventRounds "9"]
[EventCountry "IND"]
[EventCategory "1"]
[SourceTitle "CBM 217 Extra"]
[Source "ChessBase"]
[SourceDate "2024.01.31"]
[SourceVersion "1"]
[SourceVersionDate "2024.01.31"]
[SourceQuality "1"]

1. e4 c6 2. d4 d5 3. exd5 cxd5 4. Bd3 Nf6 5. c3 Nc6 6. Ne2 g6 7. h3 Bf5 8. Bxf5 gxf5 9. Bf4 e6 10. Nd2 Rg8 11. g3 Be7 12. Qa4 Qd7 13. 0-0-0 0-0-0 14. b4 b6 15. f3 h5 16. Qa6+ Qb7 17. Qxb7+ Kxb7 18. Nf1 Rc8 19. Kb2 Ne8 20. Ne3 Nd6 21. a3 Nb8 22. Rdg1 Nd7 23. Kb3 Nf6 24. Be5 Nc4 25. Bxf6 Bxf6 26. Nxc4 Rxc4 27. g4 fxg4 28. fxg4 hxg4 29. Rf1 Rg6 30. hxg4 Rc7 31. Nf4 Rxg4 32. Nxd5 exd5 33. Rxf6 Rg3 34. Rc1 Rd7 35. a4 Re3 36. Rc2 Rg3 37. Rcf2 Rc7 38. R2f3 Rxf3 39. Rxf3 Rd7 40. Rf6 Kc7 41. Kc2 Kd8 42. Kd3 Ke7 43. Rf5 Ke6 44. Re5+ Kd6 45. Re8 Rc7 46. Rd8+ Ke6 47. Ra8 Kd6 48. Kc2 Ke6 49. Rb8 Kd6 50. Kd3 Ke6 51. Re8+ Kd7 52. Re1 Kd6 53. Ra1 Kc6 54. b5+ Kd6 55. a5 bxa5 56. Rxa5 Ke6 57. Ra6+ Ke7 58. Kc2 Rb7 59. Ra5 Ke6 60. Kb3 Rc7 61. Ra6+ Kf5 62. Kc2 Ke4 63. Rc6 Rb7 64. Rf6 Ke3 65. Rf5 Rd7 66. Re5+ Kf4 67. Kd3 f6 68. Re6 Kf5 69. Rc6 Kg5 70. Ke3 Kf5 71. Rc5 Kg4 72. Rc6 Kf5 73. Kf3 Rh7 74. Rc5 Ke6 75. Kg4 Rb7 76. Kf4 Rb6 77. Ke3 a6 78. bxa6 Rxa6 79. Rc8 Rb6 80. Kf4 Kd7 81. Ra8 Rc6 82. Kf5 Rxc3 83. Kxf6 Re3 84. Ra4 Kd6 85. Ra6+ Kc7 86. Kf5 Re4 87. Ra4 Kb6 88. Rb4+ Ka5 89. Rb8 Rxd4 90. Ke5 Rd1 91. Rd8 d4 92. Rxd4 Rxd4 93. Kxd4 1/2-1/2

[Event "Tamil Nadu IM 7th"]
[Site "Chennai"]
[Date "2023.11.26"]
[Round "1"]
[White "Sai, Vishwesh C"]
[Black "Abdyzhapar, Asylbek"]
[Result "1/2-1/2"]
[WhiteElo "2179"]
[BlackElo "2326"]
[PlyCount "100"]
[EventDate "2023.11.26"]
[EventType "tourn"]
[EventRounds "9"]
[EventCountry "IND"]
[EventCategory "1"]
[SourceTitle "CBM 217 Extra"]
[Source "ChessBase"]
[SourceDate "2024.01.31"]
[SourceVersion "1"]
[SourceVersionDate "2024.01.31"]
[SourceQuality "1"]

1. e4 c5 2. Nf3 d6 3. d4 cxd4 4. Nxd4 Nf6 5. Nc3 a6 6. Bg5 e6 7. f4 h6 8. Bxf6 Qxf6 9. Qd2 g5 10. f5 Nc6 11. Nxc6 bxc6 12. 0-0-0 Rb8 13. fxe6 Bxe6 14. Bxa6 Be7 15. Rhf1 Qg7 16. Qd3 0-0 17. Bc4 d5 18. exd5 cxd5 19. Bxd5 Bxd5 20. Nxd5 Qxb2+ 21. Kd2 Bb4+ 22. Ke2 Rfe8+ 23. Kf3 Bf8 24. g3 Bg7 25. Kg2 Qxa2 26. Rf2 Rbc8 27. Qf3 Qa7 28. Rd3 Re6 29. Ne3 Bf8 30. Rb3 Rec6 31. Qe4 Bc5 32. Nd5 Re6 33. Qc4 Qa8 34. Rf5 Bf8 35. Qd3 Bg7 36. Kh3 Qc6 37. Qf3 Qc4 38. Rb4 Qe2 39. Rxf7 Qxf3 40. Rxf3 Rxc2 41. Re3 Rxe3 42. Nxe3 Rf2 43. Rb5 Kh7 44. Nf5 h5 45. Nxg7 g4+ 46. Kh4 Rxh2+ 47. Kg5 Kxg7 48. Rb7+ Kf8 49. Rh7 Rh3 50. Rxh5 Rxg3 1/2-1/2

[Event "IND-ch 59th"]
[Site "New Delhi"]
[Date "2022.12.30"]
[Round "9"]
[White "Sai, Vishwesh C"]
[Black "Das, Arghyadip"]
[Result "1/2-1/2"]
[WhiteElo "2219"]
[BlackElo "2438"]
[PlyCount "87"]
[EventDate "2022.12.22"]
[EventType "swiss"]
[EventRounds "13"]
[EventCountry "IND"]
[SourceTitle "CBM 211 Extra"]
[Source "ChessBase"]
[SourceDate "2023.01.31"]
[SourceVersion "1"]
[SourceVersionDate "2023.01.31"]
[SourceQuality "1"]

1. e4 c5 2. Nf3 e6 3. d4 cxd4 4. Nxd4 Nf6 5. Nc3 d6 6. g4 h6 7. Rg1 Nc6 8. Be3 g5 9. Qd2 Nd7 10. 0-0-0 a6 11. h4 Be7 12. hxg5 hxg5 13. Be2 Nce5 14. Rh1 Rg8 15. Rh5 b5 16. Rdh1 Bb7 17. Rh8 Rxh8 18. Rxh8+ Nf8 19. a3 Neg6 20. Rh5 f6 21. f3 Rc8 22. Ncxb5 axb5 23. Bxb5+ Kf7 24. Qh2 Qa5 25. Kd1 Kg8 26. Rh6 Nh4 27. Bf2 e5 28. Nf5 Qxb5 29. Bxh4 gxh4 30. Rxh4 Qxb2 31. Nxe7+ Kf7 32. Nxc8 Qa1+ 33. Kd2 Qd4+ 34. Kc1 Bxc8 35. Rh8 Qa1+ 36. Kd2 Qd4+ 37. Kc1 Qa1+ 38. Kd2 Qd4+ 39. Kc1 Qe3+ 40. Kb2 Qb6+ 41. Kc1 Qe3+ 42. Kb2 Qb6+ 43. Kc1 Qe3+ 44. Kb2 1/2-1/2

[Event "Raipur Chhattisgarh"]
[Site "Raipur"]
[Date "2022.09.27"]
[Round "9"]
[White "Garv, Rai"]
[Black "Sai, Vishwesh C"]
[Result "0-1"]
[WhiteElo "2051"]
[BlackElo "2244"]
[PlyCount "96"]
[EventDate "2022.09.19"]
[EventType "swiss"]
[EventRounds "10"]
[EventCountry "IND"]
[SourceTitle "CBM 210 Extra"]
[Source "ChessBase"]
[SourceDate "2022.11.30"]
[SourceVersion "1"]
[SourceVersionDate "2022.11.30"]
[SourceQuality "1"]

1. d4 c5 2. d5 Nf6 3. Nc3 g6 4. e4 d6 5. Nf3 Bg7 6. Bb5+ Bd7 7. a4 0-0 8. 0-0 Na6 9. h3 Nc7 10. Be2 a6 11. a5 Nb5 12. Nd2 Ne8 13. Ncb1 Nd4 14. Bd3 e6 15. c3 Nb5 16. Nc4 Nbc7 17. Nb6 Rb8 18. Be3 exd5 19. exd5 Na8 20. Nxd7 Qxd7 21. Qd2 b5 22. axb6 Nxb6 23. Bxa6 Nc7 24. Be2 Nbxd5 25. Bg5 Nf6 26. Bf3 Rfe8 27. Qc2 Qb5 28. Bc1 d5 29. Rd1 Nd7 30. c4 Qb4 31. Ra4 Qb6 32. cxd5 Nb5 33. Nc3 Nd4 34. Qd2 Qb3 35. Ra3 Qc4 36. Ra4 Rb4 37. Rxb4 cxb4 38. Na4 Nxf3+ 39. gxf3 Qb3 40. Re1 Rxe1+ 41. Qxe1 Qxa4 42. Bg5 Ne5 43. Qe4 Qd1+ 44. Kg2 f5 45. Qxb4 Qxf3+ 46. Kg1 Qd1+ 47. Kg2 Qxd5+ 48. Kf1 Qc4+ 0-1

[Event "Madurai Athens of the East op 2nd"]
[Site "Madurai"]
[Date "2022.07.04"]
[Round "9"]
[White "Allahverdiyeva, Ayan"]
[Black "Sai, Vishwesh C"]
[Result "0-1"]
[WhiteElo "2115"]
[BlackElo "2257"]
[PlyCount "96"]
[EventDate "2022.06.28"]
[EventType "swiss"]
[EventRounds "10"]
[EventCountry "IND"]
[SourceTitle "EXT 2023"]
[Source "ChessBase"]
[SourceDate "2022.10.05"]
[SourceVersion "1"]
[SourceVersionDate "2022.10.05"]
[SourceQuality "1"]

1. e4 c5 2. Nf3 Nc6 3. d4 cxd4 4. Nxd4 Qb6 5. Nb3 e6 6. Bf4 Nf6 7. N1d2 d5 8. exd5 Nxd5 9. Bg3 Be7 10. c4 Nf6 11. a3 0-0 12. Bd3 Nd4 13. Be5 Nxb3 14. Nxb3 Nd7 15. Bd4 Qc7 16. 0-0 Bf6 17. Re1 Rd8 18. Qc2 g6 19. Rad1 b6 20. Be4 Bb7 21. Bc3 Bxc3 22. Qxc3 Bxe4 23. Rxe4 Nc5 24. Red4 Rxd4 25. Rxd4 e5 26. Rd5 Na4 27. Qb4 Qc6 28. Rd6 Qe4 29. h3 Nxb2 30. Nd2 Qe1+ 31. Kh2 Nd1 32. Qb1 Qe2 33. Qe4 Qxe4 34. Nxe4 Nb2 35. c5 Nc4 36. Rd3 bxc5 37. Nxc5 Rc8 38. Nd7 Kg7 39. Rc3 f6 40. Nb8 Nb6 41. Rxc8 Nxc8 42. Nc6 Kf7 43. g4 Ke6 44. Nd8+ Kd7 45. Nf7 Ke7 46. Nh6 Nd6 47. Kg3 Kf8 48. Kf3 Nf7 0-1

[Event "Madurai Athens of the East op 2nd"]
[Site "Madurai"]
[Date "2022.07.02"]
[Round "6"]
[White "Tamhankar, Siddhant"]
[Black "Sai, Vishwesh C"]
[Result "0-1"]
[WhiteElo "1811"]
[BlackElo "2257"]
[PlyCount "150"]
[EventDate "2022.06.28"]
[EventType "swiss"]
[EventRounds "10"]
[EventCountry "IND"]
[SourceTitle "EXT 2023"]
[Source "ChessBase"]
[SourceDate "2022.10.05"]
[SourceVersion "1"]
[SourceVersionDate "2022.10.05"]
[SourceQuality "1"]

1. e4 c5 2. Nf3 Nc6 3. Bb5 g6 4. Bxc6 dxc6 5. d3 Bg7 6. h3 Nf6 7. Nc3 0-0 8. Be3 Nd7 9. Qd2 Re8 10. 0-0 b6 11. a4 e5 12. Nh2 Nf8 13. a5 Rb8 14. axb6 axb6 15. f4 exf4 16. Bxf4 Rb7 17. Nf3 Ne6 18. Bh6 Bh8 19. Ra8 Qc7 20. Kh1 Rb8 21. Rxb8 Qxb8 22. Qf2 f6 23. Ne2 Qa7 24. Nh2 Nd8 25. Qg3 Nf7 26. Bc1 f5 27. exf5 Rxe2 28. fxg6 hxg6 29. Qxg6+ Bg7 30. Nf3 Qe7 31. Bd2 Qd6 32. Qh5 Qg3 33. Nh4 Rf2 34. Re1 Rxd2 35. Re8+ Bf8 36. Rxc8 Qe1+ 37. Kh2 Qe5+ 38. Qxe5 Nxe5 39. Kg3 Kf7 40. Kf4 Nd7 41. Rxc6 Rxc2 42. b4 Rb2 43. bxc5 Rb4+ 44. Kg3 Nxc5 45. Nf5 Nxd3 46. h4 Ne5 47. Rc8 Rg4+ 48. Kh3 Rf4 49. Ne3 b5 50. Rb8 b4 51. Rb7+ Ke6 52. Rb6+ Bd6 53. h5 Re4 54. Nc2 Rc4 55. Nxb4 Nd7 56. Rb5 Bxb4 57. g4 Rc3+ 58. Kg2 Bd6 59. g5 Ne5 60. Rb6 Rc5 61. Kh3 Nd7 62. Rb3 Rxg5 63. h6 Rh5+ 64. Kg2 Rxh6 65. Rh3 Rg6+ 66. Kf2 Ne5 67. Rh8 Kf5 68. Ra8 Bc5+ 69. Kf1 Ke4 70. Ke2 Rg2+ 71. Kf1 Rb2 72. Rh8 Nf3 73. Re8+ Kd5 74. Rd8+ Kc4 75. Rd4+ Nxd4 0-1

[Event "Madurai Athens of the East op 2nd"]
[Site "Madurai"]
[Date "2022.06.30"]
[Round "4"]
[White "Nitin, Senthilvel"]
[Black "Sai, Vishwesh C"]
[Result "1-0"]
[WhiteElo "2404"]
[BlackElo "2257"]
[PlyCount "73"]
[EventDate "2022.06.28"]
[EventType "swiss"]
[EventRounds "10"]
[EventCountry "IND"]
[SourceTitle "EXT 2023"]
[Source "ChessBase"]
[SourceDate "2022.10.05"]
[SourceVersion "1"]
[SourceVersionDate "2022.10.05"]
[SourceQuality "1"]

1. e4 c5 2. Nc3 Nc6 3. Bb5 g6 4. Bxc6 dxc6 5. f4 e5 6. fxe5 Bg7 7. Nf3 Bg4 8. 0-0 Bxe5 9. d3 Nf6 10. Bg5 Bd4+ 11. Kh1 h6 12. Bd2 Nd7 13. Ne2 Bxb2 14. Rb1 Bf6 15. Rxb7 Nb6 16. Rxf7 Bxf3 17. Rxf3 Kxf7 18. e5 Nd7 19. exf6 Ne5 20. Rf1 Re8 21. Ng3 c4 22. Bxh6 cxd3 23. Ne4 Kg8 24. cxd3 Kh7 25. f7 Kxh6 26. fxe8Q Qxe8 27. d4 Nf7 28. Qf3 Qe7 29. h3 Kg7 30. Nc5 Rc8 31. Nd3 Qe6 32. Nf4 Qxa2 33. Qg4 Re8 34. Qxg6+ Kf8 35. d5 Re7 36. Qxc6 Re4 37. Qc8+ 1-0

[Event "Chennai op 11th"]
[Site "Chennai"]
[Date "2019.01.21"]
[Round "6"]
[White "Sai, Vishwesh C"]
[Black "Popov, Ivan1"]
[Result "0-1"]
[WhiteElo "2250"]
[BlackElo "2588"]
[PlyCount "64"]
[EventDate "2019.01.18"]
[EventType "swiss"]
[EventRounds "10"]
[EventCountry "IND"]
[SourceTitle "CBM 188 Extra"]
[Source "ChessBase"]
[SourceDate "2019.02.28"]
[SourceVersion "1"]
[SourceVersionDate "2019.02.28"]
[SourceQuality "1"]

1. e4 c5 2. d4 cxd4 3. c3 dxc3 4. Nxc3 Nc6 5. Nf3 d6 6. Bc4 a6 7. 0-0 Nf6 8. Qe2 Bg4 9. Rd1 e6 10. Bf4 Nh5 11. Be3 Ne5 12. Nxe5 Bxe2 13. Bxe2 Nf6 14. Nc4 b5 15. e5 bxc4 16. exf6 gxf6 17. Bf3 d5 18. Nxd5 exd5 19. Bxd5 Rc8 20. Bb7 Qc7 21. Bxc8 Qxc8 22. Re1 Be7 23. Bd2 Qb7 24. Rac1 Rg8 25. g3 Rg4 26. Bc3 Kf8 27. a3 Re4 28. Red1 h5 29. h4 f5 30. Rd2 f4 31. Rcd1 fxg3 32. fxg3 Qc7 0-1

[Event "Chennai op 11th"]
[Site "Chennai"]
[Date "2019.01.19"]
[Round "3"]
[White "Deviatkin, Andrei"]
[Black "Sai, Vishwesh C"]
[Result "0-1"]
[WhiteElo "2461"]
[BlackElo "2250"]
[PlyCount "87"]
[EventDate "2019.01.18"]
[EventType "swiss"]
[EventRounds "10"]
[EventCountry "IND"]
[SourceTitle "CBM 188 Extra"]
[Source "ChessBase"]
[SourceDate "2019.02.28"]
[SourceVersion "1"]
[SourceVersionDate "2019.02.28"]
[SourceQuality "1"]

1. d4 c5 2. d5 Nf6 3. Nf3 d6 4. g3 g6 5. b3 Bg7 6. Bb2 0-0 7. c4 b5 8. Nbd2 bxc4 9. bxc4 e6 10. dxe6 Bxe6 11. Bg2 Nbd7 12. 0-0 Rb8 13. Bc3 Nb6 14. Rc1 Qd7 15. Ng5 Qa4 16. Nxe6 fxe6 17. Bxf6 Bxf6 18. Ne4 Rbd8 19. Bh3 Qxa2 20. Bxe6+ Kh8 21. Qd3 Qb2 22. e3 Qe5 23. Bh3 d5 24. Nxf6 Qxf6 25. cxd5 Rxd5 26. Qa3 c4 27. Qxa7 Rd2 28. Rb1 Rd6 29. Rb4 Rd1 30. f4 Rd6 31. Bg2 Rc8 32. e4 Qd4+ 33. Kh1 Qc5 34. Rbb1 c3 35. e5 Rd7 36. Qa1 Rd2 37. Qa6 c2 38. Rbc1 Rcd8 39. Qa2 Rxg2 40. Kxg2 Rd2+ 41. Kh3 Qf8 42. Kg4 Qf5+ 43. Kf3 Qh5+ 44. Ke4 0-1

[Event "Bhubaneswar op 11th"]
[Site "Bhubaneswar"]
[Date "2018.05.29"]
[Round "7.12"]
[White "Neelotpal, Das"]
[Black "Sai, Vishwesh C"]
[Result "1-0"]
[WhiteElo "2452"]
[BlackElo "2288"]
[PlyCount "55"]
[EventDate "2018.05.25"]
[EventType "swiss"]
[EventRounds "10"]
[EventCountry "IND"]
[SourceTitle "CBM 184 Extra"]
[Source "ChessBase"]
[SourceDate "2018.06.28"]
[SourceVersion "1"]
[SourceVersionDate "2018.06.28"]
[SourceQuality "1"]

1. Nf3 Nf6 2. c4 c5 3. Nc3 Nc6 4. g3 b6 5. Bg2 Bb7 6. 0-0 g6 7. e3 Bg7 8. d4 cxd4 9. Nxd4 Qc8 10. Nxc6 Bxc6 11. e4 d6 12. Bg5 Nd7 13. Rc1 Qa6 14. b4 Qa3 15. Nd5 Bxd5 16. cxd5 Qxb4 17. Rc7 h6 18. Qc2 Rd8 19. Rb1 Qxb1+ 20. Qxb1 hxg5 21. Qb5 a6 22. Qc6 Be5 23. a4 e6 24. Bf1 exd5 25. Bxa6 dxe4 26. Rxd7 Rxd7 27. Bb5 0-0 28. Qxd7 1-0